| 000 | 00765nam a2200289Ia 4500 | ||
|---|---|---|---|
| 008 | 171120s9999 xx 000 0 und d | ||
| 020 | _a9.7819029478e+012 | ||
| 050 | _a930 | ||
| 050 | _bF235 2007 | ||
| 100 | _aFarndon, John | ||
| 245 | _aAncient history / | ||
| 245 | _cby John Farndon. | ||
| 260 | _aChina : | ||
| 260 | _bGroiler, | ||
| 260 | _c2007 | ||
| 300 | _a61 pages : | ||
| 300 | _bcolor illustrations ; | ||
| 300 | _c30cm. | ||
| 440 | _a1000 things you should know about. | ||
| 500 | _aIncludes index. | ||
| 650 | _aHistory, Ancient -- | ||
| 650 | _aHistory, Ancient. | ||
| 650 | _xMiscellanea -- Juvenile literature. | ||
| 700 | _aSeries : One thousand things you should know about. | ||
| 700 | _aSeries. | ||
| 700 | _aTitle. | ||
| 999 |
_c345082 _d345082 |
||